WWE WrestleMania 36 Match Card - Statistics

General Stats
  • This quiz has been taken 26 times
  • The average score is 31 of 46
Answer Stats
Match type Wrestler % Correct
Firefly Fun House John Cena
95%
Last Man Standing Randy Orton
95%
Boneyard AJ Styles
91%
Singles Braun Strowman
91%
Singles Drew McIntyre
91%
Singles Drew McIntyre
91%
Singles Charlotte Flair
86%
No Disqualification Kevin Owens
86%
Singles Rhea Ripley
86%
No Disqualification Seth Rollins
86%
Firefly Fun House "The Fiend" Bray Wyatt
86%
Boneyard The Undertaker
86%
Singles Brock Lesnar
82%
Last Man Standing Edge
82%
Fatal five-way elimination Bayley
77%
Singles Liv Morgan
77%
Fatal five-way elimination Sasha Banks
77%
Tag team Asuka
73%
Singles Becky Lynch
73%
Tag team Alexa Bliss
68%
Singles Bobby Lashley
68%
Singles Goldberg
68%
Triple threat ladder Jimmy Uso
68%
Triple threat ladder Kofi Kingston
68%
Singles Natalya
68%
Singles Sami Zayn
68%
Fatal five-way elimination Tamina
68%
Singles Big Show
64%
Singles Cesaro
64%
Tag team Kairi Sane
64%
Fatal five-way elimination Naomi
64%
Tag team Nikki Cross
64%
Singles Shayna Baszler
64%
Singles Daniel Bryan
59%
Singles Aleister Black
55%
Tag team Austin Theory
55%
Triple threat ladder John Morrison
55%
Singles King Corbin
55%
Tag team Angelo Dawkins
45%
Singles Dolph Ziggler
45%
Tag team Montez Ford
45%
Tag team Angel Garza
41%
Fatal five-way elimination Lacey Evans
41%
Singles Otis
41%
Singles Drew Gulak
32%
Singles Elias
32%
No matching quizzes found
Score Distribution
Percent of People with Each Score
Percentile by Number Answered
Your Score History
You have not taken this quiz